| 000 | 01302nam a2200337 a 4500 | ||
|---|---|---|---|
| 001 | ebr10672789 | ||
| 003 | CaPaEBR | ||
| 006 | m u | ||
| 007 | cr cn||||||||| | ||
| 008 | 121109s2013 nyuab sb 000 0 eng d | ||
| 010 | _z 2012040173 | ||
| 020 | _z9781935408284 (alk. paper) | ||
| 020 | _z9781935408413 (e-book) | ||
| 040 |
_aCaPaEBR _cCaPaEBR |
||
| 035 | _a(OCoLC)828868953 | ||
| 050 | 1 | 4 |
_aG70.4 _b.K87 2013eb |
| 082 | 0 | 4 |
_a526 _223 |
| 100 | 1 | _aKurgan, Laura. | |
| 245 | 1 | 0 |
_aClose up at a distance _h[electronic resource] : _bmapping, technology, and politics / _cLaura Kurgan. |
| 260 |
_aBrooklyn, N.Y. : _bZone Books, _c2013. |
||
| 300 |
_a228 p. : _bill., maps. |
||
| 504 | _aIncludes bibliographical references. | ||
| 533 |
_aElectronic reproduction. _bPalo Alto, Calif. : _cebrary, _d2013. _nAvailable via World Wide Web. _nAccess may be limited to ebrary affiliated libraries. |
||
| 650 | 0 | _aSatellite image maps. | |
| 650 | 0 |
_aRemote-sensing images _xPolitical aspects. |
|
| 650 | 0 |
_aGlobal positioning system _xSocial aspects. |
|
| 650 | 0 | _aAerial photography. | |
| 655 | 7 |
_aElectronic books. _2local |
|
| 710 | 2 | _aebrary, Inc. | |
| 856 | 4 | 0 |
_uhttp://site.ebrary.com/lib/rucke/Doc?id=10672789 _zAn electronic book accessible through the World Wide Web; click to view |
| 999 |
_c163621 _d163621 |
||